| 000 | 00432nam a22001697a 4500 | ||
|---|---|---|---|
| 005 | 20160623160353.0 | ||
| 008 | 160623b xxu||||| |||| 00| 0 eng d | ||
| 020 | _a81-239-0927-6 | ||
| 041 | _aeng | ||
| 082 | _b9405 | ||
| 100 |
_aClayton, AE and Hancock, NW _92600 |
||
| 245 | _aThe Performance and Design of Direct Current Machines | ||
| 260 |
_bCBS _c2008 |
||
| 300 | _a485 | ||
| 650 |
_aDiploma Engineering _9817 |
||
| 942 | _cBK | ||
| 999 |
_c3712 _d3711 |
||